[Event "FRA-ch U14"]
[White "Hyjazi, Theo"]
[Black "Gelas, Christophe"]
[Site "Montlucon"]
[Round "5"]
[Result "0-1"]
[Date "2011.04.20"]
[WhiteElo "1717"]
[BlackElo "2047"]
[PlyCount "140"]
[EventDate "2011.04.17"]
[EventType "swiss"]
[EventRounds "9"]
[EventCountry "FRA"]
[SourceTitle "CBM 142 Extra"]
[Source "ChessBase"]
[SourceDate "2011.06.27"]
[SourceVersion "1"]
[SourceVersionDate "2011.06.27"]
[SourceQuality "1"]

1. b3 d5 2. Bb2 c5 3. e3 Nc6 4. Bb5 Nf6 5. Nf3 Bg4 6. Bxc6+ bxc6 7. d3 e6 8. Nbd2 h6 9. h3 Bh5 10. g4 Bg6 11. Ne5 Bd6 12. Nxg6 fxg6 13. Nf3 0-0 14. Qe2 Qa5+ 15. Qd2 Qc7 16. Qe2 e5 17. e4 Nd7 18. Nd2 Rf7 19. h4 Raf8 20. f3 Qa5 21. c3 Be7 22. Rh3 d4 23. Nc4 Qd8 24. h5 Bh4+ 25. Kd2 gxh5 26. gxh5 Qg5+ 27. Kc2 Qxh5 28. Rf1 g5 29. Nd6 g4 30. Rxh4 Qxh4 31. Nxf7 Rxf7 32. fxg4 Rxf1 33. Qxf1 Qxg4 34. Qh1 h5 35. Bc1 h4 36. Bd2 h3 37. Be1 Qg2+ 38. Qxg2+ hxg2 39. Bf2 Nf6 40. cxd4 cxd4 41. Kd2 Nh5 42. Ke2 Nf4+ 43. Kf3 Nxd3 44. Kxg2 Nxf2 45. Kxf2 Kf7 46. Kf3 a5 47. a3 Ke6 48. Ke2 Kd6 49. Kd2 Kc5 50. Kd3 Kb5 51. Kd2 a4 52. b4 c5 53. bxc5 Kxc5 54. Kd3 Kb5 55. Kd2 Kc4 56. Kc2 d3+ 57. Kd2 Kd4 58. Kd1 Kxe4 59. Kd2 Kd4 60. Kd1 e4 61. Kd2 e3+ 62. Ke1 Kc3 63. Kd1 e2+ 64. Ke1 Kc2 65. Kf2 Kd1 66. Ke3 d2 67. Kd3 e1Q 68. Kc3 Qe4 69. Kb2 Ke2 70. Ka2 Qc2+ 0-1

[Event "FRA-ch U12"]
[White "Hyjazi, Theo"]
[Black "Pruvot, Louis"]
[Site "Aix les Bains"]
[Round "8"]
[Result "0-1"]
[Date "2009.04.25"]
[WhiteElo "1770"]
[BlackElo "1690"]
[PlyCount "160"]
[EventDate "2009.04.19"]
[EventType "swiss"]
[EventRounds "9"]
[EventCountry "FRA"]
[SourceTitle "CBM 130 Extra"]
[Source "ChessBase"]
[SourceDate "2009.07.02"]
[SourceVersion "2"]
[SourceVersionDate "2009.07.15"]
[SourceQuality "1"]

1. d4 d5 2. Nf3 e6 3. g3 c5 4. c4 Nc6 5. dxc5 Bxc5 6. cxd5 exd5 7. Bg2 Nf6 8. 0-0 h6 9. Qc2 Bb6 10. Bf4 0-0 11. Nc3 Re8 12. Rad1 Bg4 13. Rfe1 Bh5 14. e4 Bg6 15. Nh4 Bh7 16. Nf5 Bxf5 17. exf5 Rxe1+ 18. Rxe1 Qd7 19. Rd1 Nd4 20. Qd3 Rd8 21. Be3 Nxf5 22. Bxb6 axb6 23. Nxd5 Kf8 24. Nb4 Qxd3 25. Rxd3 Rxd3 26. Nxd3 Nd6 27. Nf4 Ke7 28. Nd5+ Nxd5 29. Bxd5 Kf6 30. Kf1 Ke5 31. Bg2 Kd4 32. Ke2 Ne4 33. h4 b5 34. g4 g5 35. h5 b4 36. f3 Nc5 37. Kd2 f6 38. b3 Ne6 39. Bf1 Nf4 40. Bc4 Nd5 41. Bxd5 Kxd5 42. Ke3 Ke5 43. Kd3 Kf4 44. Ke2 f5 45. gxf5 Kxf5 46. Ke3 Ke5 47. Ke2 Kf4 48. Kf2 g4 49. fxg4 Kxg4 50. Ke3 Kxh5 51. Kf4 Kg6 52. Kg4 b5 53. Kf4 Kf6 54. Ke4 Ke6 55. Kd4 Kf5 56. Ke3 Kg4 57. Kf2 Kf4 58. Ke2 Ke4 59. Kd2 Kd4 60. Kc2 h5 61. Kd2 h4 62. Ke2 h3 63. Kf2 Kc3 64. Kg3 Kb2 65. Kxh3 Kxa2 66. Kg2 Kxb3 67. Kf2 Kc2 68. Ke3 b3 69. Kd4 b2 70. Ke4 b1Q 71. Kd4 Qb2+ 72. Ke3 Kc3 73. Ke4 Qd2 74. Kf5 Qe3 75. Kg4 Qf2 76. Kh3 Qg1 77. Kh4 Kd4 78. Kh5 Ke5 79. Kh4 Kf4 80. Kh3 Qg3# 0-1